Statistiques concernant Triez les lettres dans l'ordre alphabétique - Pays

Cliquez ici pour prendre le quiz!

Statistiques générales

  • Ce quiz a été pris 193 fois
  • Le résultat moyen est 11 sur 20

Statistiques - réponses

PaysRéponse% Correct
CubaABCU
100%
MaliAILM
99%
IndeDEIN
99%
LibanABILN
96%
FranceACEFNR
96%
ChineCEHIN
96%
NépalAELNP
95%
ItalieAEIILT
91%
PanamaAAAMNP
84%
EspagneAEEGNPS
73%
IslandeADEILNS
62%
Viêt NamAEIMNTV
52%
BelgiqueBEEGILQU
33%
FinlandeADEFILNN
20%
PakistanAAIKNPST
13%
ThaïlandeAADEHILNT
5%
États-UnisAEINSSTTU
5%
KazakhstanAAAHKKNSTZ
3%
Guinée-BissauABEEGIINSSUU
3%
IndonésieDEEIINNOS
3%

Distribution des résultats

Percentile par nombre de réponses

% des personnes avec chaque résultat

Votre développement - résultats

Vous n’avez pas pris ce quiz